000 00487nam a2200145 a 4500
001 000033637
005 20200930070414.0
008 110902s1892 it 000 0 spa d
040 _aDO-SdBNP
_bspa
_cBNPHU
100 1 _aCocchia, Rocco
_d1830-1901
_959111
245 1 0 _aCristoforo Colombo e le sue ceneri /
_cRocco Cocchia.
260 _aChieti :
_bTip. di Diustino Ricci,
_c1892.
300 _a376 p. ;
_c26 cm.
500 _aIncluye referencias bibliográficas y notas al pie de las páginas
999 _c33128
_d33128